Employment act 1955, employees provident fund act 1991 with regulations and rules

Bibliographic Details
Format: Book
Published: s.l. : CCH Asia Pte. Limited , 2008
Series:CCH, a Wolters Kluwer business
Subjects:

MARC

LEADER 00000cam a2200000 7i4500
001 0000188069
005 20150521.0
020 |a 9789814228329 
090 0 0 |a 344.59501   |b EMP 
245 0 0 |a Employment act 1955, employees provident fund act 1991 with regulations and rules 
260 |a s.l. :   |b CCH Asia Pte. Limited ,   |c 2008 
300 |a 461p. ;   |c 23cm. 
490 0 |a CCH, a Wolters Kluwer business 
650 0 |a Labor laws and legislation   |z Malaysia 
999 |a 00304757   |b BUKU   |c AKTA   |e PERPUSTAKAAN KOMUNITI PETALING JAYA